El Rey de los carlistas (Record no. 40594)

MARC details
000 -LEADER
campo de control de longitud fija 00798nam a2200205 i 4500
001 - NÚMERO DE CONTROL
campo de control 40594
003 - IDENTIFICADOR DE NÚMERO DE CONTROL
campo de control ES-MaACL
005 - FECHA Y HORA DE LA ÚLTIMA TRANSACCIÓN
campo de control 20250820063029.0
007 - CAMPO FIJO DE DESCRIPCIÓN FÍSICA--INFORMACIÓN GENERAL
campo de control de longitud fija t|
008 - DATOS DE LONGITUD FIJA--INFORMACIÓN GENERAL
campo de control de longitud fija 030306s1880 sp ||||1| spa d
100 0# - ENTRADA PRINCIPAL--NOMBRE DE PERSONA
Nombre de persona Carreras y Lastortras, Luis,
Fechas asociadas al nombre 1840-1888
9 (RLIN) 35690
245 13 - MENCIÓN DEL TÍTULO
Título El Rey de los carlistas
Resto del título : revelaciones del General Boet sobre la guerra civil y la emigración /
Mención de responsabilidad, etc. cartas escritas al Diluvio de Barcelona por Luis Carreras y Lastortras.
260 ## - PUBLICACIÓN, DISTRIBUCIÓN, ETC.
Lugar de publicación, distribución, etc. Barcelona :
Nombre del editor, distribuidor, etc. Gaspar y Homdedeu,
Fecha de publicación, distribución, etc. 1880.
300 ## - DESCRIPCIÓN FÍSICA
Extensión 2 t. en 1 v. ;
Dimensiones 18 cm.
600 14 - PUNTO DE ACCESO ADICIONAL DE MATERIA--NOMBRE DE PERSONA
Nombre de persona Borbón y Austria-Este, Carlos de,
Títulos y otros términos asociados al nombre Duque de Madrid,
Fechas asociadas al nombre 1848-1909
9 (RLIN) 153058
600 14 - PUNTO DE ACCESO ADICIONAL DE MATERIA--NOMBRE DE PERSONA
Nombre de persona González Boet, Carlos.
9 (RLIN) 153057
610 24 - PUNTO DE ACCESO ADICIONAL DE MATERIA--NOMBRE DE ENTIDAD CORPORATIVA
Nombre de entidad corporativa o nombre de jurisdicción como elemento de entrada Orden del Toisón de Oro.
9 (RLIN) 6043
852 ## - LOCALIZACIÓN
Ubicación ES-MaACL
Número de control de estantería G-10917
Holdings
Estatus retirado Estado de pérdida Estado de daño No para préstamo Colección Biblioteca de origen Biblioteca actual Ubicación en estantería Fecha de adquisición Fuente de adquisición Total de préstamos Signatura topográfica completa Código de barras Visto por última vez Precio de reemplazo Tipo de ítem Koha
        Libros del s. XIX Biblioteca del Ateneo de Madrid Biblioteca del Ateneo de Madrid Sala Pecera Planta 3 17/01/2008     G-10917 1042737 23/02/2023 23/02/2023 Libro impreso antiguo